000 00861nam a2200253 i 4500
001 55442
003 ES-MaACL
005 20230906163139.0
007 t|
008 030919s1976 sp ||||1| spa d
245 0 0 _aDeriva continental y tectónica de placas /
_cversión española, Carlos Martín Escorza, Alfonso González Ubanell.
250 _a2ª ed. rev. y aum.
260 _aMadrid :
_bBlume,
_c1976.
300 _a271 p., 3 lám. :
_bil., mapas ;
_c28 cm.
490 1 _aSelecciones de Scientific American
650 4 _aDeriva continental.
_9171955
650 4 _aTectónica de placas.
_9172023
700 1 _aMartín Escorza, Carlos.
_977482
700 1 _aGonzález Ubanell, Alfonso.
_958992
710 2 _aScientific American.
_96515
830 1 _aSelecciones de Scientific American
_9181289
852 _aES-MaACL
_jA-5870
999 _c55442
_d55442